000 00451nam a2200145Ia 4500
003 OSt
005 20260122111446.0
008 211028s2015 xx 000 0 und d
040 _cAIMIT LIBRARY
041 _aeng
100 _aD Souza, Kenneth Nishanth; James, Justine.
_g1316076
_97349
245 _aStudy on buyer behavior with special reference to trident hyundai cars Bangalore /
260 _aMangalore
_bJustine James.
_c2015
942 _2ddc
_cPRO
999 _c218919
_d218919